| 000 | 00539nam a22001817a 4500 | ||
|---|---|---|---|
| 999 |
_c572 _d572 |
||
| 003 | OSt | ||
| 005 | 20230520151655.0 | ||
| 008 | 160108b xxu||||| |||| 00| 0 eng d | ||
| 020 | _a9781680950052 | ||
| 040 | _cLIC | ||
| 082 |
_22015 _aDC 658.4 _bOr68 |
||
| 245 |
_aOrganizational crisis management/ _cGabriel Jackson, Editor. |
||
| 260 |
_aNew York, NY: _bDelve PublishingLLC, _cc2015. |
||
| 300 |
_ax, 238 pages: _billustrations; _c25 cm. |
||
| 500 | _aIncludes references and index. | ||
| 650 | 0 |
_91507 _aCrisis management. |
|
| 942 |
_2ddc _cDC |
||